Musical Acts - Statistics

General Stats
  • This quiz has been taken 54 times
  • The average score is 10 of 30
Answer Stats
Year Songs Musical Act % Correct
1970 Another One Bites the Dust, Bohemian Rhapsody Queen
94%
2006 Skyfall, Someone Like You, Right as Rain Adele
85%
1962 No Woman, No Cry, Redemption Song, One Love, War Bob Marley
72%
1973 Don't Stop Believin', Open Arms, Lights, Who's Crying Now Journey
66%
2000 Use Somebody, Sex on Fire, Back Down South Kings of Leon
55%
1953 Good Luck Charm, In the Ghetto, Are You Lonesome Tonight? Elvis Presley
53%
1995 Lithium, My Immortal, Bring Me To Life Evanescence
53%
1989 I Believe I Can Fly, Bump & Grind, Down Low, Burn It Up R. Kelly
53%
1999 When You're Gone, Complicated, Keep Holding On Avril Lavigne
45%
2001 Welcome to the Black Parade, This Is How I Disappear My Chemical Romance
43%
1996 Numb, The Little Things Give You Away, New Divide Linkin Park
40%
2010 Little Things, Live While We're Young, Midnight Memories One Direction
38%
2002 Do I Wanna Know, Fluorescent Adolescent, R U Mine Arctic Monkeys
36%
1956 Rock Steady, Rolling In The Deep, Respect, Chain of Fools Aretha Franklin
36%
2001 If You Could See Me Now, Hall of Fame, Breakeven The Script
34%
1994 Feeling Good, Supermassive Black Hole, Space Dementia Muse
32%
2004 Style, Mine, Wildest Dreams, You Belong With Me Taylor Swift
32%
2005 Summertime Sadness, Terrence Loves You Lana Del Rey
28%
1985 Karma Police, You and Whose Army?, Nude Radiohead
28%
2000 Crazy, Bad Day, Don't Give Up On Me, Give Me Life Daniel Powter
26%
1964 Big Yellow Taxi, The Circle Game, Song for Sharon Joni Mitchell
26%
1991 Hallelujah, Last Goodbye, Mojo Pin, I Shall Be Released Jeff Buckley
17%
1995 The Devil in I, Snuff, My Plague, All Hope Is Gone Slipknot
17%
1977 Great Southern Land, Angel Street, Man of Colours, Electric Blue Icehouse
6%
1990 Forty Six & 2, The Patient, Ticks & Leeches, Schism Tool
6%
1977 Venus as a Boy, Crystalline, I Miss You, Come To Me Björk
4%
2003 Take My Bones Away, March to the Sea, Chlorine & Wine Baroness
2%
2006 Archangel, Heart of Courage, Protectors of the Earth Two Steps from Hell
2%
1994 The Dead Flag Blues, Their Helicopters Sing, Sleep, Static Godspeed You! Black Emperor
0%
1999 To Be Alone With You, The Only Thing, Should Have Known Better Sufjan Stevens
0%
No matching quizzes found
Score Distribution
Percent of People with Each Score
Percentile by Number Answered
Your Score History
You have not taken this quiz